<?xml version="1.0" encoding="UTF-8"?>
<record
    xmlns:xsi="http://www.w3.org/2001/XMLSchema-instance"
    xsi:schemaLocation="http://www.loc.gov/MARC21/slim http://www.loc.gov/standards/marcxml/schema/MARC21slim.xsd"
    xmlns="http://www.loc.gov/MARC21/slim">

  <leader>01457nam a2200325 i 4500</leader>
  <controlfield tag="003">DO-SdBNP</controlfield>
  <controlfield tag="005">20230502101928.0</controlfield>
  <controlfield tag="006">a||||gr|||| 00| 0 </controlfield>
  <controlfield tag="007">ta</controlfield>
  <controlfield tag="008">230425k19651958ny ||||er|||| 001 f eng d</controlfield>
  <datafield tag="040" ind1=" " ind2=" ">
    <subfield code="a">DO-SdBNP</subfield>
    <subfield code="b">spa</subfield>
    <subfield code="c">BNPHU</subfield>
    <subfield code="e">rda</subfield>
  </datafield>
  <datafield tag="041" ind1="0" ind2="7">
    <subfield code="h">eng</subfield>
  </datafield>
  <datafield tag="082" ind1=" " ind2="4">
    <subfield code="2">22</subfield>
    <subfield code="a">822.33</subfield>
    <subfield code="b">S527r</subfield>
  </datafield>
  <datafield tag="100" ind1="1" ind2=" ">
    <subfield code="9">6748</subfield>
    <subfield code="a">Shakespeare, William,</subfield>
    <subfield code="d">1564-1616</subfield>
  </datafield>
  <datafield tag="245" ind1="1" ind2="0">
    <subfield code="a">Romeo and Juliet ; West side story. /</subfield>
    <subfield code="c">William Shakespeare,  Arthur Laurents; introducci&#xF3;n, Norris Houghton</subfield>
  </datafield>
  <datafield tag="246" ind1="1" ind2="2">
    <subfield code="a">West side story</subfield>
  </datafield>
  <datafield tag="264" ind1="3" ind2="1">
    <subfield code="a">Nueva York :</subfield>
    <subfield code="b">Dell Publishing Co.,</subfield>
    <subfield code="c">1958</subfield>
  </datafield>
  <datafield tag="300" ind1=" " ind2=" ">
    <subfield code="a">224 p&#xE1;ginas ;</subfield>
    <subfield code="c">17 cm</subfield>
  </datafield>
  <datafield tag="490" ind1=" " ind2=" ">
    <subfield code="a">Laurel-Leaf Library</subfield>
  </datafield>
  <datafield tag="500" ind1=" " ind2=" ">
    <subfield code="a">Shakespeares renowned tragedy and the widely acclaimed musical play together in one volume.</subfield>
  </datafield>
  <datafield tag="500" ind1=" " ind2=" ">
    <subfield code="a">Incluye datos biogr&#xE1;ficos en la p&#xE1;gina 1.</subfield>
  </datafield>
  <datafield tag="505" ind1=" " ind2=" ">
    <subfield code="a">Introduction.--</subfield>
    <subfield code="t">Romeo and Juliet. </subfield>
    <subfield code="t">West side story.--</subfield>
    <subfield code="t">Notes to Romeo and Juliet.</subfield>
  </datafield>
  <datafield tag="533" ind1=" " ind2=" ">
    <subfield code="a">Primera impresi&#xF3;n septiembre 1965.
Quinta impresi&#xF3;n, enero 1968.
D&#xE9;cima impresi&#xF3;n, junio 1969.
Decimoquinto, noviembre 1971.
Decimosexto, junio 1971.
Decimos&#xE9;ptimo, marzo 1972.
Decimoctavo, julio 1972.
Decimonoveno, julio 1973.
</subfield>
  </datafield>
  <datafield tag="590" ind1=" " ind2=" ">
    <subfield code="a">Inventariado 2023 / MF</subfield>
  </datafield>
  <datafield tag="700" ind1="1" ind2=" ">
    <subfield code="a">Laurents, Arthur,</subfield>
    <subfield code="t">West side story.</subfield>
    <subfield code="9">83295</subfield>
  </datafield>
  <datafield tag="700" ind1=" " ind2="2">
    <subfield code="a">Houghton, Norris,</subfield>
    <subfield code="e">introducci&#xF3;n</subfield>
    <subfield code="9">83296</subfield>
  </datafield>
  <datafield tag="740" ind1=" " ind2="2">
    <subfield code="a">West side story. / Arthur Laurents.</subfield>
  </datafield>
  <datafield tag="740" ind1=" " ind2="2">
    <subfield code="a">Romeo and Juliet. / William Shakespere.</subfield>
  </datafield>
  <datafield tag="942" ind1=" " ind2=" ">
    <subfield code="2">ddc</subfield>
    <subfield code="c">LBS1</subfield>
  </datafield>
  <datafield tag="952" ind1=" " ind2=" ">
    <subfield code="0">0</subfield>
    <subfield code="1">0</subfield>
    <subfield code="2">ddc</subfield>
    <subfield code="5">5</subfield>
    <subfield code="7">0</subfield>
    <subfield code="8">GR-RV</subfield>
    <subfield code="a">BNPHU</subfield>
    <subfield code="b">BNPHU</subfield>
    <subfield code="c">CT</subfield>
    <subfield code="d">2015-12-25</subfield>
    <subfield code="e">Donado por Sonia Ginebra</subfield>
    <subfield code="o">822.33 S527r</subfield>
    <subfield code="p">2023-1489</subfield>
    <subfield code="r">2023-04-25</subfield>
    <subfield code="w">2023-04-25</subfield>
    <subfield code="y">LBS1</subfield>
  </datafield>
  <datafield tag="999" ind1=" " ind2=" ">
    <subfield code="c">53348</subfield>
    <subfield code="d">53348</subfield>
  </datafield>
</record>
